TODAS LAS TECLAS - Estadísticas

Estadísticas generales
  • Esta prueba ha sido intentada 54 veces
  • La puntuación promedio es 67 de 79
Estadísticas de respuestas
Respuesta % Correcto
,
100%
.
100%
-
100%
!
100%
"
100%
$
100%
%
100%
&
100%
/
100%
(
100%
)
100%
=
100%
?
100%
'
100%
`
100%
+
100%
^
100%
*
100%
_
100%
:
100%
;
100%
\
100%
|
100%
@
100%
#
100%
~
100%
100%
[
100%
]
100%
{
100%
>
100%
<
100%
k
98%
w
98%
a
95%
d
95%
e
95%
q
95%
s
95%
f
93%
h
93%
j
93%
r
93%
t
93%
c
90%
ç
90%
Ç
90%
i
90%
ñ
90%
n
90%
u
90%
y
90%
z
90%
g
88%
l
88%
o
88%
p
88%
x
88%
1
85%
3
85%
4
85%
5
85%
6
85%
7
85%
8
85%
b
85%
v
85%
2
83%
9
83%
m
78%
¿
30%
¡
30%
º
30%
10
25%
´
23%
¨
8%
ª
5%
·
3%
¬
0%
No se encontraron pruebas coincidentes
Distribución de puntuación
Porcentaje de gente con cada puntuación
Porcentaje por número respondido
Historial de tus puntuaciones
No has intentado esta prueba.